Engineering Heat and Mass transfer (Record no. 24357)
[ view plain ]
| 000 -LEADER | |
|---|---|
| fixed length control field | 00358nam a2200169Ia 4500 |
| 082 ## - DEWEY DECIMAL CLASSIFICATION NUMBER | |
| Item number | RAT |
| 100 ## - MAIN ENTRY--PERSONAL NAME | |
| Personal name | Rathore/Mahesh M |
| 250 ## - EDITION STATEMENT | |
| Edition statement | 3 |
| 245 ## - TITLE STATEMENT | |
| Title | Engineering Heat and Mass transfer |
| 260 ## - PUBLICATION, DISTRIBUTION, ETC. | |
| Name of publisher, distributor, etc. | Universtiy science press |
| Date of publication, distribution, etc. | 2016 |
| 366 ## - TRADE AVAILABILITY INFORMATION | |
| Publishers's discount category | 10 |
| 300 ## - PHYSICAL DESCRIPTION | |
| Extent | 651 |
| 546 ## - LANGUAGE NOTE | |
| Language note | ENGLISH |
| 650 ## - SUBJECT ADDED ENTRY--TOPICAL TERM | |
| Topical term or geographic name entry element | Heat and Mass |
| 654 ## - SUBJECT ADDED ENTRY--FACETED TOPICAL TERMS | |
| Focus term | heat |
| 942 ## - ADDED ENTRY ELEMENTS (KOHA) | |
| Koha item type | BOOK |
| Withdrawn status | Lost status | Damaged status | Not for loan | Collection | Home library | Current library | Date acquired | Source of acquisition | Cost, normal purchase price | Inventory number | Total Checkouts | Full call number | Barcode | Date last seen | Cost, replacement price | Price effective from | Koha item type |
|---|---|---|---|---|---|---|---|---|---|---|---|---|---|---|---|---|---|
| CRC | Fr. Agnel's C.Rodrigues College of Engineering | Fr. Agnel's C.Rodrigues College of Engineering | 17/03/2023 | Readers World | 535.50 | 103 dt 11.10.2021 | RAT | 25783 | 17/03/2023 | 595.00 | BOOK | ||||||
| CRC | Fr. Agnel's C.Rodrigues College of Engineering | Fr. Agnel's C.Rodrigues College of Engineering | 17/03/2023 | Readers World | 535.50 | 103 dt 11.10.2021 | RAT | 25784 | 17/03/2023 | 595.00 | BOOK |